00319nam a2200133Ia 4500008004100000100004400041245002700085250001200112260001700124300000800141650001200149942000700161999001700168190216s9999||||xx |||||||||||||| ||und|| aMark W. Zemansky And Richard H. Dittman 0aHeat And Thermodynamic a6th Ed. bMcgraw -hill a543 aPhysics cBK c33710d33710